00281nam a22001097a 4500008004100000020001500041082002300056245002900079260004400108300001300152440000600165230621b xxu||||| |||| 00| 0 eng d a0566007363 22a328.3bIPU 1986 aParliaments of the World aEnglandbGower Publishing Companyc1986 aXII,721p vI